[Event "NED-ch U16"]
[Site "Assen"]
[Date "2017.04.29"]
[Round "9"]
[White "Eelsingh, Janko"]
[Black "Emans, Job"]
[Result "0-1"]
[WhiteElo "1093"]
[BlackElo "1734"]
[PlyCount "66"]
[EventDate "2017.04.23"]
[EventType "swiss"]
[EventRounds "9"]
[EventCountry "NED"]
[SourceTitle "CBM 178 Extra"]
[Source "ChessBase"]
[SourceDate "2017.06.22"]
[SourceVersion "1"]
[SourceVersionDate "2017.06.22"]
[SourceQuality "1"]

1. Nf3 d5 2. c4 Nf6 3. d4 c6 4. Nc3 e6 5. e3 Nbd7 6. Bd2 Be7 7. Bd3 b6 8. 0-0 Bb7 9. Qc2 Qc7 10. Rac1 0-0 11. a3 dxc4 12. Bxc4 c5 13. Nb5 Qc8 14. Be2 a6 15. Nc3 Rd8 16. Rfd1 Qc6 17. dxc5 Nxc5 18. b4 Ncd7 19. Na4 Qxc2 20. Rxc2 b5 21. Nb2 Bd5 22. Rdc1 Ne4 23. Nd3 Bf6 24. Nf4 Bb3 25. Rc7 g5 26. Nh5 g4 27. Nxf6+ Ndxf6 28. Nd4 Nxd2 29. Nxb3 Nxb3 30. R1c3 Nd5 31. Rxb3 Nxc7 32. Bxg4 Nd5 33. Bf3 Rac8 0-1

[Event "NED-ch U16"]
[Site "Assen"]
[Date "2017.04.26"]
[Round "5"]
[White "Eelsingh, Janko"]
[Black "Klein, Jorik"]
[Result "1/2-1/2"]
[WhiteElo "1093"]
[BlackElo "1905"]
[PlyCount "62"]
[EventDate "2017.04.23"]
[EventType "swiss"]
[EventRounds "9"]
[EventCountry "NED"]
[SourceTitle "CBM 178 Extra"]
[Source "ChessBase"]
[SourceDate "2017.06.22"]
[SourceVersion "1"]
[SourceVersionDate "2017.06.22"]
[SourceQuality "1"]

1. e4 c5 2. Nf3 d6 3. d4 cxd4 4. Nxd4 Nf6 5. Nc3 a6 6. Be3 e6 7. f3 Be7 8. Qd2 b5 9. g4 Bb7 10. 0-0-0 Nfd7 11. Kb1 Ne5 12. g5 Nbc6 13. Nxc6 Bxc6 14. Be2 b4 15. f4 Nd7 16. Bf3 Rg8 17. Ne2 Rb8 18. Nd4 Ba8 19. h4 Nc5 20. e5 Bxf3 21. Nxf3 Ne4 22. Qd3 d5 23. Qxa6 Kf8 24. Nd4 Ra8 25. Qb5 Ra5 26. Qc6 Rc5 27. Nxe6+ fxe6 28. Bxc5 Nxc5 29. Rhf1 g6 30. Rd4 Qd7 31. Qxd7 Nxd7 1/2-1/2